000 00889nam a2200289 i 4500
003 EG-GICUC
005 20260208104648.0
008 260208s1930 ua ||||fr ||| 00| 0 fre d
040 _aEG-GICUC
_cEG-GICUC
_dEG-GICUC
_erda
_bara
041 0 _afre
082 0 4 _221
_a341.81
_bPA . E
092 0 4 _221
099 _aLaw1 12 341.81 PA . E 1930
100 1 _aPapazian,Me Sempad
_eAuteur
245 _aÉtude Comparée Sur Les Nationalités Égyptienne Et Étrangères /
_cMe Sempad Papazian .
264 0 _aLe Caire :
_c1930 .
300 _a44 Pages;
_c30 cm.
336 _atext
_2rda content
337 _aComputer
_2rda media
338 _aOnline Resource
_2rda carrier
546 _aTexte en français
650 0 4 _aDroit International Privé
650 0 4 _aNationalité
856 _uhttps://fll.law.cu.edu.eg/fulltext/th/B12-02424.pdf
905 _a59
942 _2ddc
_cBK
_e21
_n0
999 _c61515
_d61515